[Event "HSG Open 2019 A"]
[Site "Hilversum"]
[Date "2019.06.22"]
[Round "3.11"]
[White "De Boer, Bas"]
[Black "De Ruiter, Danny"]
[Result "0-1"]
[BlackElo "2309"]
[WhiteElo "2102"]
[LiveChessVersion "1.4.8"]

1. Nf3 {[%clk 1:50:16]} Nf6 {[%clk 1:47:48]} 2. c4 {[%clk 1:50:19]} g6
{[%clk 1:45:32]} 3. Nc3 {[%clk 1:50:22]} d5 {[%clk 1:45:38]} 4. cxd5
{[%clk 1:50:26]} Nxd5 {[%clk 1:45:44]} 5. Qb3 {[%clk 1:50:30]} Nb6
{[%clk 1:45:43]} 6. d4 {[%clk 1:50:08]} Bg7 {[%clk 1:44:57]} 7. e4
{[%clk 1:49:31]} Bg4 {[%clk 1:42:28]} 8. Ng5 {[%clk 1:49:33]} O-O
{[%clk 1:42:19]} 9. Be2 {[%clk 1:49:40]} Bxe2 {[%clk 1:42:13]} 10. Nxe2
{[%clk 1:49:47]} Nc6 {[%clk 1:39:19]} 11. Qh3 {[%clk 1:48:01]} h6
{[%clk 1:39:03]} 12. Nf3 {[%clk 1:47:58]} Qd7 {[%clk 1:39:01]} 13. Qh4
{[%clk 1:47:26]} h5 {[%clk 1:37:48]} 14. h3 {[%clk 1:44:05]} Nb4 {[%clk 1:33:15]}
15. g4 {[%clk 1:41:06]} Nc2+ {[%clk 1:07:32]} 16. Kf1 {[%clk 1:41:03]} Nxa1
{[%clk 1:07:37]} 17. gxh5 {[%clk 1:40:44]} Qc6 {[%clk 0:59:07]} 18. hxg6
{[%clk 1:38:12]} Qxg6 {[%clk 0:57:40]} 19. Rg1 {[%clk 1:38:05]} Qf6
{[%clk 0:52:07]} 20. Bh6 {[%clk 1:31:18]} Qxh4 {[%clk 0:48:54]} 21. Rxg7+
{[%clk 1:31:20]} Kh8 {[%clk 0:48:51]} 22. Nxh4 {[%clk 1:31:26]} Rad8
{[%clk 0:45:54]} 23. e5 {[%clk 1:24:07]} Nd5 {[%clk 0:43:56]} 24. e6
{[%clk 1:22:39]} Rd6 {[%clk 0:43:55]} 25. Rg5 {[%clk 1:20:21]} Rfd8
{[%clk 0:40:52]} 26. Bg7+ {[%clk 1:19:10]} Kg8 {[%clk 0:40:49]} 27. Be5+
{[%clk 1:17:53]} Kf8 {[%clk 0:40:25]} 28. Bxd6 {[%clk 1:15:43]} Rxd6
{[%clk 0:40:27]} 29. Rf5 {[%clk 1:14:39]} f6 {[%clk 0:36:37]} 30. Rh5
{[%clk 1:10:55]} c6 {[%clk 0:28:56]} 31. Rh8+ {[%clk 1:10:16]} Kg7
{[%clk 0:29:01]} 32. Rb8 {[%clk 1:09:45]} Rxe6 {[%clk 0:29:02]} 33. Rxb7
{[%clk 1:09:41]} a6 {[%clk 0:27:34]} 34. Nc3 {[%clk 1:02:05]} Nc2
{[%clk 0:23:49]} 35. Nxd5 {[%clk 0:59:56]} cxd5 {[%clk 0:23:58]} 36. Nf5+
{[%clk 0:59:52]} Kf7 {[%clk 0:24:05]} 37. Rd7 {[%clk 0:59:27]} Re1+
{[%clk 0:22:10]} 38. Kg2 {[%clk 0:59:16]} Ke6 {[%clk 0:22:19]} 39. Rc7
{[%clk 0:57:59]} Rc1 {[%clk 0:22:24]} 40. Ng7+ {[%clk 0:50:26]} Kf7
{[%clk 0:22:15]} 41. Kg3 {[%clk 0:50:17]} Kxg7 {[%clk 0:22:01]} 42. Rxe7+
{[%clk 0:50:21]} Kg6 {[%clk 0:22:01]} 43. Rc7 {[%clk 0:50:19]} Nxd4
{[%clk 0:17:55]} 0-1

[Event "HSG Open 2019 A"]
[Site "Hilversum"]
[Date "2019.06.22"]
[Round "3.12"]
[White "Galje, Hans"]
[Black "Bekker, Stefan"]
[Result "0-1"]
[BlackElo "2262"]
[WhiteElo "1990"]
[LiveChessVersion "1.4.8"]

1. d4 {[%clk 1:50:17]} g6 {[%clk 1:49:35]} 2. c4 {[%clk 1:50:15]} Bg7
{[%clk 1:49:27]} 3. e4 {[%clk 1:49:52]} c5 {[%clk 1:47:56]} 4. d5
{[%clk 1:48:52]} d6 {[%clk 1:47:51]} 5. Nc3 {[%clk 1:47:51]} Nf6 {[%clk 1:46:08]}
6. f3 {[%clk 1:47:44]} Na6 {[%clk 1:43:36]} 7. Bg5 {[%clk 1:46:41]} Nc7
{[%clk 1:40:16]} 8. Qd2 {[%clk 1:46:11]} h6 {[%clk 1:39:18]} 9. Be3
{[%clk 1:45:57]} Rb8 {[%clk 1:38:34]} 10. Bd3 {[%clk 1:40:07]} a6
{[%clk 1:34:04]} 11. a4 {[%clk 1:40:00]} Bd7 {[%clk 1:27:17]} 12. a5
{[%clk 1:24:49]} e5 {[%clk 1:20:50]} 13. dxe6 {[%clk 1:14:17]} Nxe6
{[%clk 1:18:43]} 14. Nge2 {[%clk 1:14:18]} h5 {[%clk 1:15:58]} 15. O-O
{[%clk 1:13:07]} Bc6 {[%clk 1:01:53]} 16. Bc2 {[%clk 1:10:29]} b5
{[%clk 0:54:22]} 17. axb6 {[%clk 0:49:29]} Rxb6 {[%clk 0:52:16]} 18. Ba4
{[%clk 0:46:42]} Bxa4 {[%clk 0:50:28]} 19. Rxa4 {[%clk 0:45:40]} O-O
{[%clk 0:50:09]} 20. Rfa1 {[%clk 0:42:42]} Qb8 {[%clk 0:48:04]} 21. Rxa6
{[%clk 0:39:38]} Rxb2 {[%clk 0:47:38]} 22. Qxd6 {[%clk 0:39:31]} Qxd6
{[%clk 0:47:27]} 23. Rxd6 {[%clk 0:39:36]} Nxe4 {[%clk 0:45:23]} 24. fxe4
{[%clk 0:32:42]} Rxe2 {[%clk 0:44:56]} 25. Nxe2 {[%clk 0:32:48]} Bxa1
{[%clk 0:44:58]} 26. Rd5 {[%clk 0:29:52]} Ra8 {[%clk 0:41:23]} 27. Bxc5
{[%clk 0:26:45]} Rc8 {[%clk 0:41:05]} 28. Bd6 {[%clk 0:23:52]} Rxc4
{[%clk 0:41:00]} 29. e5 {[%clk 0:23:23]} Rc2 {[%clk 0:40:28]} 30. Ra5
{[%clk 0:21:04]} Rxe2 {[%clk 0:37:15]} 31. Rxa1 {[%clk 0:21:10]} g5
{[%clk 0:36:53]} 32. Kf1 {[%clk 0:16:40]} Rc2 {[%clk 0:36:26]} 33. Re1
{[%clk 0:13:35]} Kg7 {[%clk 0:33:34]} 34. Re2 {[%clk 0:13:03]} Rxe2
{[%clk 0:32:02]} 35. Kxe2 {[%clk 0:13:11]} Kg6 {[%clk 0:31:59]} 36. Ke3
{[%clk 0:12:32]} Kf5 {[%clk 0:32:01]} 37. Bb8 {[%clk 0:12:13]} Nd8
{[%clk 0:30:50]} 38. g3 {[%clk 0:08:27]} Nc6 {[%clk 0:30:29]} 39. Bd6
{[%clk 0:08:23]} Nxe5 {[%clk 0:29:48]} 40. Bxe5 {[%clk 0:08:27]} Kxe5
{[%clk 0:29:54]} 41. Kf3 {[%clk 0:08:28]} Kd4 {[%clk 0:29:34]} 42. h3
{[%clk 0:07:38]} f5 {[%clk 0:28:36]} 43. h4 {[%clk 0:07:12]} gxh4
{[%clk 0:28:39]} 44. gxh4 {[%clk 0:07:18]} Ke5 {[%clk 0:28:43]} 45. Ke3
{[%clk 0:07:09]} f4+ {[%clk 0:28:49]} 46. Kf2 {[%clk 0:06:57]} Ke4
{[%clk 0:28:21]} 47. Ke2 {[%clk 0:06:37]} f3+ {[%clk 0:28:25]} 48. Kf1
{[%clk 0:06:10]} Kf4 {[%clk 0:28:16]} 49. Kg1 {[%clk 0:05:02]} 0-1

[Event "HSG Open 2019 A"]
[Site "Hilversum"]
[Date "2019.06.22"]
[Round "4.1"]
[White "Schoppen, Casper"]
[Black "Van Wely, Loek"]
[Result "1/2-1/2"]
[BlackElo "2604"]
[WhiteElo "2464"]
[LiveChessVersion "1.4.8"]

1. d4 {[%clk 1:47:26]} Nf6 {[%clk 1:47:55]} 2. c4 {[%clk 1:47:24]} e6
{[%clk 1:47:39]} 3. Nf3 {[%clk 1:47:14]} d5 {[%clk 1:47:41]} 4. Nc3
{[%clk 1:47:01]} c6 {[%clk 1:47:44]} 5. e3 {[%clk 1:45:42]} Nbd7 {[%clk 1:47:47]}
6. Qc2 {[%clk 1:45:30]} Bd6 {[%clk 1:46:37]} 7. g4 {[%clk 1:45:03]} h6
{[%clk 1:40:25]} 8. Rg1 {[%clk 1:43:49]} dxc4 {[%clk 1:37:11]} 9. Bxc4
{[%clk 1:40:15]} b5 {[%clk 1:29:03]} 10. Be2 {[%clk 1:38:36]} Bb7
{[%clk 1:22:47]} 11. g5 {[%clk 1:19:33]} hxg5 {[%clk 1:21:49]} 12. Rxg5
{[%clk 1:19:33]} Rc8 {[%clk 1:09:11]} 13. Rxg7 {[%clk 1:01:12]} Kf8
{[%clk 1:09:12]} 14. Rg1 {[%clk 0:49:40]} b4 {[%clk 0:57:14]} 15. Ne4
{[%clk 0:45:32]} Nxe4 {[%clk 0:56:37]} 16. Qxe4 {[%clk 0:45:36]} Nf6
{[%clk 0:56:41]} 17. Qd3 {[%clk 0:44:36]} c5 {[%clk 0:56:44]} 18. b3
{[%clk 0:33:20]} Ne4 {[%clk 0:50:18]} 19. dxc5 {[%clk 0:26:10]} Bxc5
{[%clk 0:46:31]} 20. Qxd8+ {[%clk 0:23:13]} Rxd8 {[%clk 0:46:31]} 21. Bb2
{[%clk 0:21:42]} Nc3 {[%clk 0:45:17]} 22. Rc1 {[%clk 0:16:34]} Bxf3
{[%clk 0:44:02]} 23. Bxf3 {[%clk 0:16:37]} Rxh2 {[%clk 0:43:20]} 24. Bg2
{[%clk 0:13:19]} Rd3 {[%clk 0:31:16]} 25. Bxc3 {[%clk 0:09:04]} Rxc3
{[%clk 0:28:04]} 26. Kd2 {[%clk 0:07:41]} Be7 {[%clk 0:26:12]} 27. Rxc3
{[%clk 0:07:25]} bxc3+ {[%clk 0:26:21]} 28. Kxc3 {[%clk 0:07:27]} Bh4
{[%clk 0:26:22]} 29. Bb7 {[%clk 0:01:52]} Bxf2 {[%clk 0:26:09]} 30. Rg2
{[%clk 0:01:31]} Rxg2 {[%clk 0:26:04]} 31. Bxg2 {[%clk 0:01:39]} Bxe3
{[%clk 0:26:09]} 32. b4 {[%clk 0:01:36]} f5 {[%clk 0:22:16]} 33. a4
{[%clk 0:01:36]} Bf2 {[%clk 0:20:57]} 34. Kd2 {[%clk 0:01:35]} Bb6
{[%clk 0:20:43]} 35. a5 {[%clk 0:01:26]} Bc7 {[%clk 0:20:04]} 36. Kd3
{[%clk 0:01:34]} Ke7 {[%clk 0:20:07]} 37. Kc4 {[%clk 0:01:41]} e5
{[%clk 0:20:02]} 38. Kd5 {[%clk 0:01:17]} Kf6 {[%clk 0:17:41]} 39. Kc6
{[%clk 0:01:16]} Bd8 {[%clk 0:17:45]} 40. Kd7 {[%clk 0:00:39]} Be7
{[%clk 0:17:28]} 41. b5 {[%clk 0:00:48]} Bc5 {[%clk 0:17:04]} 42. Kc6
{[%clk 0:00:55]} Bg1 {[%clk 0:14:55]} 43. Kd5 {[%clk 0:01:00]} Bd4
{[%clk 0:13:27]} 44. Bh3 {[%clk 0:00:54]} Be3 {[%clk 0:11:46]} 45. Bg2
{[%clk 0:01:01]} Bg1 {[%clk 0:11:42]} 46. Bf1 {[%clk 0:01:05]} e4
{[%clk 0:11:09]} 47. Bg2 {[%clk 0:00:42]} Bf2 {[%clk 0:08:11]} 48. b6
{[%clk 0:00:23]} Bxb6 {[%clk 0:08:07]} 49. axb6 {[%clk 0:00:31]} axb6
{[%clk 0:08:11]} 50. Bxe4 {[%clk 0:00:31]} fxe4 {[%clk 0:08:12]} 51. Kxe4
{[%clk 0:00:39]} 1/2-1/2

[Event "HSG Open 2019 A"]
[Site "Hilversum"]
[Date "2019.06.22"]
[Round "4.2"]
[White "Burg, Twan"]
[Black "Ten Hertog, Hugo"]
[Result "1/2-1/2"]
[BlackElo "2482"]
[WhiteElo "2523"]
[LiveChessVersion "1.4.8"]

1. e4 {[%clk 1:50:19]} g6 {[%clk 1:46:51]} 2. d4 {[%clk 1:50:24]} Bg7
{[%clk 1:46:58]} 3. Nf3 {[%clk 1:50:30]} d6 {[%clk 1:47:00]} 4. c3
{[%clk 1:50:32]} Nf6 {[%clk 1:46:28]} 5. Bd3 {[%clk 1:50:29]} O-O
{[%clk 1:46:27]} 6. O-O {[%clk 1:50:24]} Nc6 {[%clk 1:46:23]} 7. Re1
{[%clk 1:50:04]} Bg4 {[%clk 1:36:30]} 8. Nbd2 {[%clk 1:47:49]} e5
{[%clk 1:35:15]} 9. h3 {[%clk 1:47:36]} Bd7 {[%clk 1:25:55]} 10. a3
{[%clk 1:43:54]} Nh5 {[%clk 1:21:48]} 11. Nb3 {[%clk 1:40:44]} h6
{[%clk 1:05:52]} 12. Bf1 {[%clk 1:40:11]} b6 {[%clk 0:55:38]} 13. Be3
{[%clk 1:39:33]} Qe8 {[%clk 0:43:21]} 14. Be2 {[%clk 1:27:21]} Nf6
{[%clk 0:33:10]} 15. Bd3 {[%clk 1:21:50]} Rd8 {[%clk 0:31:08]} 16. Qc2
{[%clk 1:17:58]} Nh5 {[%clk 0:24:44]} 17. dxe5 {[%clk 1:05:04]} dxe5
{[%clk 0:24:09]} 18. Nh2 {[%clk 1:04:48]} Nf4 {[%clk 0:19:50]} 19. Bf1
{[%clk 0:59:10]} Qe7 {[%clk 0:18:14]} 20. Rad1 {[%clk 0:58:21]} Bc8
{[%clk 0:15:01]} 21. Qc1 {[%clk 0:56:53]} Be6 {[%clk 0:13:03]} 22. Na1
{[%clk 0:56:57]} g5 {[%clk 0:12:16]} 23. Nc2 {[%clk 0:55:39]} Na5
{[%clk 0:10:59]} 24. Bxf4 {[%clk 0:43:37]} exf4 {[%clk 0:10:04]} 25. Nd4
{[%clk 0:42:38]} Nb3 {[%clk 0:07:11]} 26. Nxb3 {[%clk 0:42:33]} Bxb3
{[%clk 0:07:16]} 27. Rxd8 {[%clk 0:42:39]} Rxd8 {[%clk 0:07:23]} 28. Nf3
{[%clk 0:42:45]} Qd7 {[%clk 0:06:39]} 29. Nd4 {[%clk 0:41:41]} Bxd4
{[%clk 0:06:00]} 30. cxd4 {[%clk 0:41:49]} Qxd4 {[%clk 0:05:43]} 31. Qxc7
{[%clk 0:41:45]} Be6 {[%clk 0:04:22]} 32. Qxa7 {[%clk 0:33:32]} Qxb2
{[%clk 0:04:18]} 33. h4 {[%clk 0:32:35]} Rd2 {[%clk 0:03:15]} 34. hxg5
{[%clk 0:32:04]} hxg5 {[%clk 0:01:57]} 35. Qe7 {[%clk 0:31:02]} Qe5
{[%clk 0:00:31]} 36. Bc4 {[%clk 0:27:06]} Rd7 {[%clk 0:00:23]} 37. Qe8+
{[%clk 0:26:42]} Kg7 {[%clk 0:00:31]} 38. Bxe6 {[%clk 0:24:32]} Qxe6
{[%clk 0:00:38]} 39. Qc8 {[%clk 0:23:57]} Rd3 {[%clk 0:00:25]} 40. Qc2
{[%clk 0:21:41]} Qb3 {[%clk 0:00:22]} 41. Qc7 {[%clk 0:20:26]} Qc3
{[%clk 0:00:27]} 42. Qxc3+ {[%clk 0:20:19]} Rxc3 {[%clk 0:00:34]} 43. Rb1
{[%clk 0:20:17]} Rxa3 {[%clk 0:00:37]} 44. Rxb6 {[%clk 0:20:20]} f6
{[%clk 0:00:25]} 45. f3 {[%clk 0:19:43]} Re3 {[%clk 0:00:27]} 46. Kh2
{[%clk 0:19:44]} Re1 {[%clk 0:00:27]} 47. Ra6 {[%clk 0:18:24]} Kg6
{[%clk 0:00:29]} 48. Ra8 {[%clk 0:17:19]} Rd1 {[%clk 0:00:21]} 49. Ra6
{[%clk 0:16:36]} Re1 {[%clk 0:00:29]} 50. Rb6 {[%clk 0:15:42]} Kg7
{[%clk 0:00:29]} 51. Rb4 {[%clk 0:14:03]} 1/2-1/2

[Event "HSG Open 2019 A"]
[Site "Hilversum"]
[Date "2019.06.22"]
[Round "4.3"]
[White "Beerdsen, Thomas"]
[Black "Fieberg, Samuel"]
[Result "1/2-1/2"]
[BlackElo "2185"]
[WhiteElo "2488"]
[LiveChessVersion "1.4.8"]

1. e4 {[%clk 1:45:08]} c5 {[%clk 1:49:41]} 2. Nf3 {[%clk 1:45:14]} Nc6
{[%clk 1:49:47]} 3. d4 {[%clk 1:45:10]} cxd4 {[%clk 1:49:53]} 4. Nxd4
{[%clk 1:45:16]} Nf6 {[%clk 1:49:58]} 5. Nc3 {[%clk 1:45:21]} e5 {[%clk 1:50:05]}
6. Ndb5 {[%clk 1:45:26]} h6 {[%clk 1:50:08]} 7. Nd6+ {[%clk 1:45:08]} Bxd6
{[%clk 1:50:13]} 8. Qxd6 {[%clk 1:45:13]} Qe7 {[%clk 1:50:20]} 9. Qxe7+
{[%clk 1:45:12]} Kxe7 {[%clk 1:50:26]} 10. Be3 {[%clk 1:45:16]} d6
{[%clk 1:50:23]} 11. f3 {[%clk 1:45:20]} Be6 {[%clk 1:50:23]} 12. O-O-O
{[%clk 1:45:18]} a6 {[%clk 1:50:21]} 13. b3 {[%clk 1:44:47]} Rhc8
{[%clk 1:50:12]} 14. Kb2 {[%clk 1:44:48]} b5 {[%clk 1:49:21]} 15. Be2
{[%clk 1:43:57]} Nd7 {[%clk 1:49:15]} 16. Rd2 {[%clk 1:43:44]} Na5
{[%clk 1:46:06]} 17. Ra1 {[%clk 1:25:20]} Rab8 {[%clk 1:30:56]} 18. Nd5+
{[%clk 1:19:42]} Bxd5 {[%clk 1:31:00]} 19. Rxd5 {[%clk 1:19:19]} Nf6
{[%clk 1:22:15]} 20. Rd2 {[%clk 1:17:31]} Rc6 {[%clk 1:21:42]} 21. Bf2
{[%clk 1:10:47]} Ne8 {[%clk 1:17:34]} 22. a4 {[%clk 1:08:20]} b4 {[%clk 1:17:21]}
23. Rd5 {[%clk 1:08:15]} Rbc8 {[%clk 1:08:14]} 24. Rc1 {[%clk 0:46:06]} Nb7
{[%clk 1:08:16]} 25. a5 {[%clk 0:44:26]} Nc7 {[%clk 1:06:36]} 26. Bb6
{[%clk 0:42:28]} Nxd5 {[%clk 1:05:10]} 27. exd5 {[%clk 0:42:19]} Rxb6
{[%clk 1:03:19]} 28. axb6 {[%clk 0:42:23]} Nc5 {[%clk 1:03:15]} 29. Ra1
{[%clk 0:40:52]} Rb8 {[%clk 0:57:32]} 30. Bxa6 {[%clk 0:40:55]} Rxb6
{[%clk 0:57:40]} 31. Bc8 {[%clk 0:40:40]} Kd8 {[%clk 0:50:24]} 32. Bh3
{[%clk 0:37:25]} Kc7 {[%clk 0:49:47]} 33. g3 {[%clk 0:36:51]} Ra6
{[%clk 0:48:40]} 34. Re1 {[%clk 0:36:41]} Ra5 {[%clk 0:43:31]} 35. f4
{[%clk 0:35:11]} f6 {[%clk 0:43:38]} 36. Bg2 {[%clk 0:34:11]} Ra7
{[%clk 0:35:38]} 37. Rf1 {[%clk 0:29:46]} Kb6 {[%clk 0:33:50]} 38. g4
{[%clk 0:27:20]} Re7 {[%clk 0:29:17]} 39. Kc1 {[%clk 0:22:51]} Ra7
{[%clk 0:20:24]} 40. Kb1 {[%clk 0:20:19]} Re7 {[%clk 0:20:29]} 41. Kc1
{[%clk 0:16:44]} Ra7 {[%clk 0:20:34]} 42. Kb2 {[%clk 0:15:06]} 1/2-1/2

[Event "HSG Open 2019 A"]
[Site "Hilversum"]
[Date "2019.06.22"]
[Round "4.4"]
[White "De Ruiter, Danny"]
[Black "Ootes, Lars"]
[Result "1/2-1/2"]
[BlackElo "2355"]
[WhiteElo "2309"]
[LiveChessVersion "1.4.8"]

1. d4 {[%clk 1:50:12]} d6 {[%clk 1:49:58]} 2. Nf3 {[%clk 1:50:03]} g6
{[%clk 1:49:55]} 3. c4 {[%clk 1:49:41]} f5 {[%clk 1:49:44]} 4. Nc3
{[%clk 1:49:20]} Nf6 {[%clk 1:49:49]} 5. g3 {[%clk 1:48:50]} Bg7 {[%clk 1:49:51]}
6. Bg2 {[%clk 1:48:51]} O-O {[%clk 1:49:51]} 7. O-O {[%clk 1:48:53]} c6
{[%clk 1:49:57]} 8. d5 {[%clk 1:48:41]} e5 {[%clk 1:49:35]} 9. dxe6
{[%clk 1:48:37]} Bxe6 {[%clk 1:49:37]} 10. Qd3 {[%clk 1:48:38]} Re8
{[%clk 1:46:48]} 11. Bf4 {[%clk 1:45:56]} Ne4 {[%clk 1:42:40]} 12. Rad1
{[%clk 1:40:29]} Na6 {[%clk 1:36:55]} 13. Nd4 {[%clk 1:31:57]} Nac5
{[%clk 1:26:11]} 14. Qc2 {[%clk 1:29:43]} Bf7 {[%clk 1:16:06]} 15. Nxe4
{[%clk 1:24:00]} Nxe4 {[%clk 1:15:23]} 16. b3 {[%clk 1:17:28]} h6
{[%clk 0:56:15]} 17. Bc1 {[%clk 1:07:05]} Qa5 {[%clk 0:51:08]} 18. a3
{[%clk 1:06:48]} Qc5 {[%clk 0:41:38]} 19. Be3 {[%clk 0:59:17]} Qa5
{[%clk 0:30:10]} 20. Bc1 {[%clk 0:57:09]} Qc5 {[%clk 0:19:20]} 21. Be3
{[%clk 0:56:56]} Qa5 {[%clk 0:19:23]} 1/2-1/2

[Event "HSG Open 2019 A"]
[Site "Hilversum"]
[Date "2019.06.22"]
[Round "4.5"]
[White "Van de Griendt, Jan Willem"]
[Black "Roebers, Jan"]
[Result "1-0"]
[BlackElo "2097"]
[WhiteElo "2332"]
[LiveChessVersion "1.4.8"]

1. d4 {[%clk 1:41:52]} Nf6 {[%clk 1:49:57]} 2. c4 {[%clk 1:41:51]} g6
{[%clk 1:49:59]} 3. Nc3 {[%clk 1:41:16]} Bg7 {[%clk 1:50:03]} 4. e4
{[%clk 1:41:23]} d6 {[%clk 1:50:06]} 5. f3 {[%clk 1:41:30]} O-O {[%clk 1:49:47]}
6. Bg5 {[%clk 1:41:34]} c6 {[%clk 1:43:23]} 7. Qd2 {[%clk 1:39:13]} a6
{[%clk 1:43:23]} 8. Bd3 {[%clk 1:29:53]} b5 {[%clk 1:42:27]} 9. Nge2
{[%clk 1:29:57]} Nbd7 {[%clk 1:36:33]} 10. O-O {[%clk 1:28:06]} Rb8
{[%clk 1:28:50]} 11. Kh1 {[%clk 1:16:12]} bxc4 {[%clk 1:06:44]} 12. Bxc4
{[%clk 1:15:38]} d5 {[%clk 0:58:36]} 13. Bb3 {[%clk 1:10:16]} Nb6
{[%clk 0:46:42]} 14. Rac1 {[%clk 1:06:11]} a5 {[%clk 0:44:12]} 15. e5
{[%clk 0:33:46]} Ne8 {[%clk 0:43:44]} 16. Na4 {[%clk 0:33:17]} Nc4
{[%clk 0:35:47]} 17. Bxc4 {[%clk 0:30:37]} dxc4 {[%clk 0:35:55]} 18. Nc5
{[%clk 0:29:37]} f6 {[%clk 0:30:54]} 19. exf6 {[%clk 0:28:27]} Nxf6
{[%clk 0:30:22]} 20. Rxc4 {[%clk 0:24:11]} Qd5 {[%clk 0:29:22]} 21. b3
{[%clk 0:23:25]} Rb4 {[%clk 0:26:09]} 22. Rfc1 {[%clk 0:18:26]} Nh5
{[%clk 0:13:55]} 23. Nd3 {[%clk 0:17:06]} Rxc4 {[%clk 0:11:47]} 24. bxc4
{[%clk 0:17:10]} Qf5 {[%clk 0:10:33]} 25. Bxe7 {[%clk 0:14:44]} Re8
{[%clk 0:10:36]} 26. Bd6 {[%clk 0:14:38]} c5 {[%clk 0:08:25]} 27. Nxc5
{[%clk 0:12:53]} Qf6 {[%clk 0:05:46]} 28. Be5 {[%clk 0:10:50]} Qh4
{[%clk 0:05:51]} 29. g3 {[%clk 0:05:15]} Qe7 {[%clk 0:04:27]} 30. f4
{[%clk 0:05:02]} Bf8 {[%clk 0:03:13]} 31. Nc3 {[%clk 0:03:59]} Bg4
{[%clk 0:02:44]} 32. Kg2 {[%clk 0:03:42]} Qd8 {[%clk 0:02:31]} 33. Nd5
{[%clk 0:02:50]} Qc8 {[%clk 0:01:20]} 34. Ne4 {[%clk 0:02:48]} Bh3+
{[%clk 0:01:20]} 35. Kf2 {[%clk 0:02:51]} Bg7 {[%clk 0:00:52]} 36. Nd6
{[%clk 0:02:47]} Qc6 {[%clk 0:00:29]} 37. Nxe8 {[%clk 0:02:30]} Qxe8
{[%clk 0:00:24]} 38. Rb1 {[%clk 0:02:00]} 1-0

[Event "HSG Open 2019 A"]
[Site "Hilversum"]
[Date "2019.06.22"]
[Round "4.6"]
[White "Bekker, Stefan"]
[Black "Lanchava, Tea"]
[Result "1/2-1/2"]
[BlackElo "2314"]
[WhiteElo "2262"]
[LiveChessVersion "1.4.8"]

1. Nf3 {[%clk 1:50:15]} d6 {[%clk 1:50:02]} 2. g3 {[%clk 1:49:53]} g6
{[%clk 1:50:02]} 3. Bg2 {[%clk 1:49:53]} Bg7 {[%clk 1:50:01]} 4. c4
{[%clk 1:49:51]} c6 {[%clk 1:49:38]} 5. Nc3 {[%clk 1:49:42]} Nh6 {[%clk 1:48:10]}
6. O-O {[%clk 1:44:45]} O-O {[%clk 1:47:03]} 7. d4 {[%clk 1:41:56]} Nd7
{[%clk 1:45:36]} 8. b3 {[%clk 1:39:22]} e5 {[%clk 1:43:49]} 9. dxe5
{[%clk 1:38:49]} Nxe5 {[%clk 1:37:03]} 10. Nxe5 {[%clk 1:36:36]} dxe5
{[%clk 1:36:58]} 11. Ba3 {[%clk 1:35:03]} Re8 {[%clk 1:36:05]} 12. Qxd8
{[%clk 1:15:59]} Rxd8 {[%clk 1:34:48]} 13. Rad1 {[%clk 1:15:52]} Bf5
{[%clk 1:21:45]} 14. Bc5 {[%clk 1:06:15]} Rdc8 {[%clk 1:15:52]} 15. h3
{[%clk 0:59:44]} f6 {[%clk 1:10:17]} 16. g4 {[%clk 0:55:41]} Be6 {[%clk 1:10:13]}
17. Ne4 {[%clk 0:53:06]} Nf7 {[%clk 1:02:53]} 18. Be7 {[%clk 0:49:03]} f5
{[%clk 1:02:30]} 19. Nc5 {[%clk 0:46:29]} Re8 {[%clk 1:02:31]} 20. gxf5
{[%clk 0:41:26]} gxf5 {[%clk 0:59:12]} 21. Bh4 {[%clk 0:41:22]} Bc8
{[%clk 0:57:36]} 22. e4 {[%clk 0:35:30]} f4 {[%clk 0:55:34]} 23. Kh2
{[%clk 0:33:04]} b6 {[%clk 0:46:50]} 24. Nd7 {[%clk 0:27:32]} Re6
{[%clk 0:46:15]} 25. Bf3 {[%clk 0:25:39]} Rh6 {[%clk 0:45:54]} 26. Be7
{[%clk 0:25:26]} Bb7 {[%clk 0:45:41]} 27. Rg1 {[%clk 0:23:26]} Kh8
{[%clk 0:44:48]} 28. Bg4 {[%clk 0:16:32]} Re8 {[%clk 0:44:27]} 29. Ba3
{[%clk 0:15:54]} Bc8 {[%clk 0:40:00]} 30. Bf5 {[%clk 0:12:42]} c5
{[%clk 0:39:17]} 31. Bb2 {[%clk 0:08:52]} Rh5 {[%clk 0:33:46]} 32. Rd5
{[%clk 0:05:26]} Bb7 {[%clk 0:33:14]} 33. Rd3 {[%clk 0:02:41]} Bc6
{[%clk 0:28:57]} 34. f3 {[%clk 0:01:42]} Re7 {[%clk 0:23:48]} 35. Nb8
{[%clk 0:00:41]} Be8 {[%clk 0:23:47]} 36. Bg4 {[%clk 0:00:40]} Rh4
{[%clk 0:20:29]} 37. Bd7 {[%clk 0:00:36]} Bf6 {[%clk 0:19:32]} 38. Bxe8
{[%clk 0:00:34]} Rxe8 {[%clk 0:19:38]} 39. Nd7 {[%clk 0:00:43]} Bg7
{[%clk 0:17:53]} 40. Rd5 {[%clk 0:00:52]} Rh5 {[%clk 0:17:03]} 41. Rg4
{[%clk 0:00:29]} Ng5 {[%clk 0:16:49]} 42. Kg2 {[%clk 0:00:38]} Nf7
{[%clk 0:16:06]} 43. a4 {[%clk 0:00:40]} Re6 {[%clk 0:12:40]} 44. Rxf4
{[%clk 0:00:28]} exf4 {[%clk 0:10:00]} 45. Bxg7+ Kxg7 {[%clk 0:10:07]} 46. Rxh5
{[%clk 0:00:34]} Rg6+ {[%clk 0:10:11]} 47. Kf2 {[%clk 0:00:32]} Rd6
{[%clk 0:09:07]} 48. Rd5 {[%clk 0:00:40]} Rh6 {[%clk 0:09:00]} 49. Kg2
{[%clk 0:00:27]} Rg6+ {[%clk 0:09:06]} 50. Kf2 {[%clk 0:00:36]} Rg3
{[%clk 0:09:10]} 51. h4 {[%clk 0:00:23]} Rh3 {[%clk 0:09:06]} 52. a5
{[%clk 0:00:22]} Rxh4 {[%clk 0:08:02]} 53. axb6 {[%clk 0:00:31]} axb6
{[%clk 0:08:04]} 54. Rf5 {[%clk 0:00:39]} h6 {[%clk 0:05:48]} 55. Nxb6
{[%clk 0:00:48]} Ng5 {[%clk 0:05:36]} 56. Nd5 {[%clk 0:00:56]} Rh2+
{[%clk 0:05:40]} 57. Kf1 {[%clk 0:01:05]} Nxf3 {[%clk 0:05:20]} 58. Rxf4
{[%clk 0:00:55]} Nd2+ {[%clk 0:05:24]} 59. Kg1 {[%clk 0:01:02]} Re2
{[%clk 0:05:24]} 60. Nc3 {[%clk 0:00:38]} Re3 {[%clk 0:05:22]} 61. Na4
{[%clk 0:00:29]} Nxb3 {[%clk 0:04:10]} 62. Kf2 {[%clk 0:00:27]} Rd3
{[%clk 0:04:15]} 63. Rf5 {[%clk 0:00:27]} Rd4 {[%clk 0:02:47]} 64. Nxc5
{[%clk 0:00:34]} Nxc5 {[%clk 0:02:36]} 65. Rxc5 {[%clk 0:00:41]} Rxe4 66. Kf3
{[%clk 0:00:40]} Re1 {[%clk 0:02:53]} 67. Rc8 {[%clk 0:00:45]} Kf6
{[%clk 0:02:42]} 68. c5 {[%clk 0:00:53]} Ke7 {[%clk 0:02:38]} 69. Rc6
{[%clk 0:01:00]} h5 {[%clk 0:02:38]} 70. Rh6 {[%clk 0:00:59]} Re5
{[%clk 0:02:44]} 71. c6 {[%clk 0:01:05]} Rc5 {[%clk 0:02:52]} 72. Ke4
{[%clk 0:00:53]} Kd8 {[%clk 0:02:46]} 73. Kd4 {[%clk 0:01:00]} Rg5
{[%clk 0:02:42]} 74. Ke4 {[%clk 0:01:04]} 1/2-1/2